| 000 | 00929nam0a2200277 4500 | ||
|---|---|---|---|
| 001 | RU\NLR\bibl\549798 | ||
| 005 | 20260531050155.0 | ||
| 010 |
_a5-17-023005-2 _92000 |
||
| 021 |
_aRU _b2004-41562 _92062 |
||
| 035 | _a(NLR Aleph) 000541982 | ||
| 090 |
_a1418676 _c1418676 |
||
| 100 | _a20040906d2004 |||y0rusy50 ca | ||
| 101 | 1 |
_arus _ceng |
|
| 102 | _aRU | ||
| 105 | _ay ||||||||| | ||
| 200 | 1 |
_aБезмолвный Джо _eРоман _fТ.Джефферсон Паркер _g[Пер. с англ. В.М. Абашкина] |
|
| 210 |
_aМ. _cАСТ _d2004 |
||
| 215 |
_a397 с. _d17 |
||
| 225 | 1 | _aКлассическая и современная проза | |
| 686 | _aШ6(7США)67-440.4{Лх1979-50} | ||
| 700 | 1 |
_4070 _8rus _7ca _aПаркер _bД. _gДжефферсон _3RU\NLR\auth\7720902 _93968 |
|
| 801 | 0 |
_aRU _bNLR _c20040906 _gPSBO |
|
| 801 | 1 |
_aRU _bNLR _c20040906 |
|
| 942 | _cBOOK | ||
| 980 | _aNB | ||